000
00291nam a22001337a 4500
008
170613b xxu||||| |||| 00| 0 eng d
020
_a
2901559701982
041
_a
eng
080
_a
94(7/8)
100
_a
17
101
_a
SHH
245
_a
VISIONS OF LIBERTY
_c
GLASSER,I
942
_2
udc
_c
BK
999
_c
17236
_d
17236